000 00658nam a2200253Ia 4500
005 20260121154800.0
008 008 260114s9999 xx 000 0 eng d
020 _a9780429280054
037 _aEBOOK
040 _aCRL
040 _beng
040 _cCRL
041 _2eng
041 _aeng
084 _qCRL
100 _a Lucas Gottz‚n; Margunn Bj›rnholt; Floretta Boonzaier
_91011440
245 0 _aMen, Masculinities and Intimate Partner Violence
260 _bTaylor and Francis
260 _c2021
856 _uhttp://www.taylorfrancis.com/books/9780429280054
942 _cEBOOK
999 _c1578261
_d1578261